000 00949nam a22002537a 4500
005 20100601141110.0
008 100601t xxu||||| |||| 00| 0 eng d
010 _aENG-96245
020 _a9788132104544
_c495.00
035 _aEN-79778
037 _bDBAD/PUB
040 _aDPL
_bEng
082 _a650.072
100 _aLee, Nick
245 _aDoing business research :
_ba guide to theory and practice /
_cby Nick Lee [and] Ian Lings
260 _aNew Delhi
_bSage Publications
_c2008
270 _aB1/I-1 Mohan Cooperative Industrial Area , Mathura Road
_bNew Delhi
_e110044
300 _axxiii, 423p. :
_bill.
_c24 cm (pbk)
500 _aIncludes bibliographical references (p. [405]-410) and index.
650 _a Business
_xResearch.
700 _aLings, Ian
942 _2ddc
_cEN
_mLEE
_h650.072
999 _c36448
_d36448